[Event "15MCR_F"]
[Site "?"]
[Date "2001.??.??"]
[Round "?"]
[White "Hala, Martin"]
[Black "Vrkoc, David"]
[Result "1/2-1/2"]
[WhiteElo "2415"]
[BlackElo "2355"]
[PlyCount "47"]
[EventDate "2001.??.??"]
[EventType "corr"]
[Source "Chess Mail Ltd"]
[SourceDate "2005.07.27"]

1. e4 c5 2. Nf3 d6 3. d4 cxd4 4. Nxd4 Nf6 5. Nc3 a6 6. Bg5 e6 7. f4 Qb6 8. a3
Nbd7 9. f5 exf5 10. exf5 Be7 11. Bc4 d5 12. Bb3 O-O 13. O-O Bc5 14. Be3 Re8 15.
Bf2 Qd6 16. Kh1 Nb6 17. Qf3 Bd7 18. Rad1 Bc6 19. Bg3 Qd7 20. Bh4 Qd6 21. Ba2
Rad8 22. b4 Bxd4 23. Rxd4 Qe5 24. Qd1 1/2-1/2

[Event "15MCR_F"]
[Site "?"]
[Date "2001.??.??"]
[Round "?"]
[White "Kostal, Jindrich"]
[Black "Trexler, Evzen"]
[Result "1/2-1/2"]
[WhiteElo "2305"]
[BlackElo "2350"]
[PlyCount "101"]
[EventDate "2001.??.??"]
[EventType "corr"]
[Source "Chess Mail Ltd"]
[SourceDate "2005.07.27"]

1. e4 c5 2. Nf3 d6 3. d4 cxd4 4. Nxd4 Nf6 5. Nc3 a6 6. Bg5 e6 7. f4 Qb6 8. Nb3
Be7 9. Qf3 Nbd7 10. O-O-O Qc7 11. g4 b5 12. Bxf6 Nxf6 13. g5 Nd7 14. a3 Rb8 15.
h4 b4 16. axb4 Rxb4 17. Na2 Rb6 18. Qc3 Qxc3 19. Nxc3 h6 20. Be2 Nf8 21. gxh6
Rxh6 22. h5 Bf6 23. Rhg1 Bxc3 24. bxc3 g6 25. Na5 Ke7 26. e5 dxe5 27. fxe5 Bd7
28. Nc4 Rb5 29. hxg6 Nxg6 30. Nd6 Rxe5 31. Nxf7 Kxf7 32. Rxd7+ Ke8 33. Rd2 a5
34. Bd3 Ne7 35. c4 Kf7 36. Rf1+ Nf5 37. Bxf5 exf5 38. Rd7+ Ke6 39. Rfd1 Kf6 40.
R1d6+ Re6 41. Rd5 Rh4 42. Rd8 Rxc4 43. Rf8+ Kg6 44. Rdxf5 Re2 45. R8f6+ Kg7 46.
Rf7+ Kg6 47. R7f6+ Kg7 48. Rf7+ Kg8 49. Rf8+ Kh7 50. R8f7+ Kh6 51. R7f6+
1/2-1/2

[Event "15MCR_F"]
[Site "?"]
[Date "2001.??.??"]
[Round "?"]
[White "Kostal, Jindrich"]
[Black "Vrkoc, David"]
[Result "0-1"]
[WhiteElo "2305"]
[BlackElo "2355"]
[PlyCount "91"]
[EventDate "2001.??.??"]
[EventType "corr"]
[Source "Chess Mail Ltd"]
[SourceDate "2005.07.27"]

1. e4 c5 2. Nf3 d6 3. d4 cxd4 4. Nxd4 Nf6 5. Nc3 a6 6. Bg5 e6 7. f4 Qb6 8. Nb3
Be7 9. Qf3 Nbd7 10. O-O-O Qc7 11. g4 b5 12. Bxf6 Nxf6 13. g5 Nd7 14. a3 Rb8 15.
h4 b4 16. axb4 Rxb4 17. Na2 Rb6 18. Qc3 Qxc3 19. Nxc3 h6 20. Be2 Nf8 21. gxh6
Rxh6 22. h5 Bf6 23. Rhg1 g6 24. Na5 Bxc3 25. bxc3 Ke7 26. e5 dxe5 27. fxe5 Bd7
28. Nc4 Rb5 29. hxg6 Rxg6 30. Rgf1 Rc5 31. Nd6 Rg7 32. Bxa6 Rxe5 33. c4 f5 34.
Bb5 Rc5 35. Rd2 Rg4 36. Re1 f4 37. Rf1 Bc6 38. Re1 Rg2 39. Nf5+ Rxf5 40. Bxc6
Rxd2 41. Kxd2 Rc5 42. Bf3 Rxc4 43. Kd3 Rc5 44. Ke4 Ng6 45. Kd4 Ra5 46. Bb7 {
Odhad} 0-1

[Event "15MCR_F"]
[Site "?"]
[Date "2001.??.??"]
[Round "?"]
[White "Kudela, Stanislav"]
[Black "Trexler, Evzen"]
[Result "0-1"]
[WhiteElo "2440"]
[BlackElo "2350"]
[PlyCount "50"]
[EventDate "2001.??.??"]
[EventType "corr"]
[Source "Chess Mail Ltd"]
[SourceDate "2005.07.27"]

1. e4 c5 2. Nf3 d6 3. d4 cxd4 4. Nxd4 Nf6 5. Nc3 a6 6. Bg5 e6 7. f4 Qb6 8. Nb3
Be7 9. Qf3 Nbd7 10. O-O-O Qc7 11. Bd3 b5 12. Rhe1 b4 13. Nb1 Bb7 14. N1d2 h6
15. Qh3 a5 16. Nd4 a4 17. Bxf6 Nxf6 18. Bb5+ Kf8 19. Qxe6 Qb6 20. Nc4 Qa7 21.
Qh3 Bxe4 22. g4 b3 23. axb3 axb3 24. g5 bxc2 25. Nxc2 Qf2 {
Bily vystoupil z turnaje} 0-1

[Event "15MCR_F"]
[Site "?"]
[Date "2001.??.??"]
[Round "?"]
[White "Kudela, Stanislav"]
[Black "Vrkoc, David"]
[Result "0-1"]
[WhiteElo "2440"]
[BlackElo "2355"]
[PlyCount "48"]
[EventDate "2001.??.??"]
[EventType "corr"]
[Source "Chess Mail Ltd"]
[SourceDate "2005.07.27"]

1. e4 c5 2. Nf3 d6 3. d4 cxd4 4. Nxd4 Nf6 5. Nc3 a6 6. Bg5 e6 7. f4 Qb6 8. Nb3
Be7 9. Qf3 Nbd7 10. O-O-O Qc7 11. Bd3 b5 12. Rhe1 Bb7 13. a3 Rc8 14. Kb1 h6 15.
Qh3 Nb6 16. Nd4 Nc4 17. e5 Nxb2 18. Ncxb5 axb5 19. Nxb5 Qa5 20. Kxb2 dxe5 21.
fxe5 Bxa3+ 22. Nxa3 Qc3+ 23. Kb1 Qb4+ 24. Ka2 Ra8 {Bily vystoupil z turnaje}
0-1

[Event "15MCR_F"]
[Site "?"]
[Date "2001.??.??"]
[Round "?"]
[White "Omelka, Roman"]
[Black "Trexler, Evzen"]
[Result "1/2-1/2"]
[WhiteElo "2270"]
[BlackElo "2350"]
[PlyCount "79"]
[EventDate "2001.??.??"]
[EventType "corr"]
[Source "Chess Mail Ltd"]
[SourceDate "2005.07.27"]

1. e4 c5 2. Nf3 d6 3. d4 cxd4 4. Nxd4 Nf6 5. Nc3 a6 6. Bg5 e6 7. f4 Qb6 8. Nb3
Be7 9. Qf3 Nbd7 10. Bd3 h6 11. Qh3 Ng4 12. Bxe7 Qf2+ 13. Kd1 Ne3+ 14. Kc1 Kxe7
15. Qg3 Qxg3 16. hxg3 b5 17. Re1 Ng4 18. Na5 Nc5 19. Be2 h5 20. b4 Na4 21. Nxa4
bxa4 22. Kb2 Bd7 23. Bxg4 hxg4 24. Rad1 Rhc8 25. c4 Rab8 26. Kc3 g6 27. Re2 Rb6
28. a3 Rc7 29. Rh1 Rb5 30. Rc2 Rh5 31. Rcc1 f6 32. Kd4 Be8 33. Rxh5 gxh5 34.
Rb1 Ra7 35. Rb2 e5+ 36. Ke3 Bd7 37. Rb1 Be8 38. Kd3 Ra8 39. Rc1 Rc8 40. Rb1
1/2-1/2

[Event "15MCR_F"]
[Site "?"]
[Date "2001.??.??"]
[Round "?"]
[White "Omelka, Roman"]
[Black "Vrkoc, David"]
[Result "1/2-1/2"]
[WhiteElo "2270"]
[BlackElo "2355"]
[PlyCount "60"]
[EventDate "2001.??.??"]
[EventType "corr"]
[Source "Chess Mail Ltd"]
[SourceDate "2005.07.27"]

1. e4 c5 2. Nf3 d6 3. d4 cxd4 4. Nxd4 Nf6 5. Nc3 a6 6. Bg5 e6 7. f4 Qb6 8. Nb3
Be7 9. Qf3 Nbd7 10. O-O-O Qc7 11. Bd3 b5 12. Rhe1 Bb7 13. a3 Rc8 14. Kb1 h6 15.
Qh3 Nb6 16. Nd4 Nc4 17. e5 Nxb2 18. Ncxb5 axb5 19. Nxb5 Qa5 20. Kxb2 dxe5 21.
fxe5 Bxa3+ 22. Nxa3 Qc3+ 23. Kb1 Qb4+ 24. Ka2 Ra8 25. Bg6 Ng4 26. Bxf7+ Kxf7
27. Rd7+ Kg8 28. Bd2 Bd5+ 29. Rxd5 Qc4+ 30. Kb2 Qxd5 1/2-1/2

[Event "15MCR_F"]
[Site "?"]
[Date "2001.??.??"]
[Round "?"]
[White "Hala, Martin"]
[Black "Hybl, Vladislav"]
[Result "1-0"]
[WhiteElo "2415"]
[BlackElo "2240"]
[PlyCount "100"]
[EventDate "2001.??.??"]
[EventType "corr"]
[Source "Chess Mail Ltd"]
[SourceDate "2005.07.27"]

1. e4 c5 2. Nf3 d6 3. d4 cxd4 4. Nxd4 Nf6 5. Nc3 a6 6. Bg5 e6 7. f4 Be7 8. Qf3
Qc7 9. O-O-O Nbd7 10. Bd3 h6 11. Bh4 g5 12. fxg5 Ne5 13. Qe2 Nfg4 14. Nf3 Nxf3
15. gxf3 hxg5 16. fxg4 gxh4 17. Rhf1 Bd7 18. Rf3 Bg5+ 19. Kb1 Qc5 20. e5 Qxe5
21. Qf2 Rf8 22. Re1 Qc5 23. Qf1 Qd4 24. Ne4 Be7 25. Rf4 Qg7 26. g5 Bc6 27. Nf6+
Bxf6 28. Rxf6 O-O-O 29. Qf4 h3 30. Bf1 Bg2 31. Bxg2 hxg2 32. Rg1 Rd7 33. Rxg2
Rh8 34. a3 Kb8 35. Rd2 Rhd8 36. h4 Qh7 37. g6 fxg6 38. Rxe6 Kc7 39. Qg3 Qh6 40.
Rd4 Qg7 41. Qd3 Kb8 42. Rxg6 Qe5 43. Re4 Qh2 44. Reg4 Rc7 45. Rg7 Rdc8 46. Rxc7
Rxc7 47. Qd1 Rc5 48. Rg5 Qxh4 49. Qxd6+ Rc7 50. Rg7 Qc4 {cerny prekrocil cas}
1-0

[Event "15MCR_F"]
[Site "?"]
[Date "2001.??.??"]
[Round "?"]
[White "Spal, Milan"]
[Black "Boukal, Petr"]
[Result "1/2-1/2"]
[WhiteElo "2425"]
[BlackElo "2450"]
[PlyCount "81"]
[EventDate "2001.??.??"]
[EventType "corr"]
[Source "Chess Mail Ltd"]
[SourceDate "2005.07.27"]

1. e4 e6 2. d3 d5 3. Qe2 Nc6 4. Nf3 e5 5. exd5 Qxd5 6. h3 Be6 7. Nc3 Qa5 8. g3
Nd4 9. Qd1 Nf6 10. Bd2 Qb6 11. Bg2 Bd6 12. O-O O-O 13. a4 a5 14. Bg5 Nd7 15.
Ne4 f6 16. Be3 Be7 17. b3 Rae8 18. Rb1 c5 19. Nc3 f5 20. Bd2 Nc6 21. Bc1 Qd8
22. Re1 Qb8 23. Nd2 Nd4 24. Nc4 Bd8 25. Nb5 Nxb5 26. axb5 b6 27. Bb2 Bf6 28.
Bc6 Rd8 29. Qe2 Bxc4 30. bxc4 Qc7 31. Qf3 e4 32. Qxf5 Bxb2 33. Qe6+ Kh8 34.
Rxb2 Rfe8 35. Qf5 g6 36. Qf7 e3 37. f4 Qd6 38. Bxd7 Re7 39. Qd5 Qf6 40. Qg5 Qc3
41. Qxe7 1/2-1/2

[Event "15MCR_F"]
[Site "?"]
[Date "2001.??.??"]
[Round "?"]
[White "Spal, Milan"]
[Black "Ridky, Vladimir"]
[Result "1-0"]
[WhiteElo "2425"]
[BlackElo "2275"]
[PlyCount "71"]
[EventDate "2001.??.??"]
[EventType "corr"]
[Source "Chess Mail Ltd"]
[SourceDate "2005.07.27"]

1. e4 e6 2. d3 d5 3. Qe2 Nf6 4. Nf3 c5 5. g3 Be7 6. Bg2 Nc6 7. O-O b5 8. Re1
O-O 9. e5 Nd7 10. h4 a5 11. Bg5 Bb7 12. Bxe7 Qxe7 13. Nbd2 Rae8 14. c3 f6 15.
exf6 Qxf6 16. Ng5 h6 17. Nh3 b4 18. Rac1 a4 19. a3 bxc3 20. bxc3 Nd8 21. c4 d4
22. Bxb7 Nxb7 23. Ne4 Qd8 24. Rb1 Qc7 25. Nf4 Na5 26. Ng6 Rf7 27. Rb5 Nb3 28.
h5 Nf8 29. f4 Rf5 30. Qg4 Rd8 31. Nf2 Rf6 32. Re5 Nxg6 33. hxg6 Qd7 34. Rb6 Ra8
35. Ne4 Rf5 36. Rbxe6 1-0

[Event "15MCR_F"]
[Site "?"]
[Date "2001.??.??"]
[Round "?"]
[White "Spal, Milan"]
[Black "Straka, Zdenek"]
[Result "1-0"]
[WhiteElo "2425"]
[BlackElo "2355"]
[PlyCount "75"]
[EventDate "2001.??.??"]
[EventType "corr"]
[Source "Chess Mail Ltd"]
[SourceDate "2005.07.27"]

1. e4 e6 2. d3 d5 3. Qe2 Nc6 4. Nf3 e5 5. exd5 Qxd5 6. h3 Be6 7. Nc3 Qa5 8. g3
Nd4 9. Qd1 Bb4 10. Bd2 Nxf3+ 11. Qxf3 c6 12. Qd1 Qc7 13. Bg2 Ne7 14. O-O Qd7
15. Qh5 Ng6 16. Rad1 f5 17. d4 exd4 18. Ne2 Be7 19. Bc3 c5 20. Bxd4 cxd4 21.
Nxd4 O-O-O 22. Rfe1 Bc4 23. Nc6 Bd6 24. Nxd8 Rxd8 25. Rd4 Ba6 26. b4 Nf8 27. c4
Ne6 28. Rd2 Bxc4 29. Rc1 Qc7 30. Qxf5 Kb8 31. Qg4 b5 32. a4 Bxb4 33. Rxd8+ Nxd8
34. axb5 Be6 35. Rxc7 Bxg4 36. Rc4 Bxh3 37. Rxb4 Bd7 38. f4 1-0

[Event "15MCR_F"]
[Site "?"]
[Date "2001.??.??"]
[Round "?"]
[White "Masek, Jan"]
[Black "Hybl, Vladislav"]
[Result "1-0"]
[WhiteElo "2330"]
[BlackElo "2240"]
[PlyCount "69"]
[EventDate "2001.??.??"]
[EventType "corr"]
[Source "Chess Mail Ltd"]
[SourceDate "2005.07.27"]

1. e4 e6 2. d4 d5 3. Nd2 f5 4. exf5 exf5 5. Bd3 Nf6 6. Ne2 Bd6 7. Nf3 O-O 8.
O-O Ne4 9. c3 b6 10. Nf4 c6 11. Ne5 Re8 12. Re1 Bxe5 13. dxe5 Nd7 14. f3 Nec5
15. Bxf5 Nxe5 16. Bc2 a5 17. Be3 Ra7 18. b3 Rf7 19. c4 Bf5 20. cxd5 cxd5 21.
Bxf5 Rxf5 22. Kh1 Ne6 23. Nxe6 Rxe6 24. Bd4 Qd6 25. Qe2 Re7 26. Qa6 Re6 27.
Rac1 Nd7 28. Rxe6 Qxe6 29. Qb7 Rf4 30. Bg1 Nc5 31. Bxc5 bxc5 32. Qc7 Rf8 33.
Qxc5 Ra8 34. h3 h6 35. Rd1 1-0

[Event "15MCR_F"]
[Site "?"]
[Date "2001.??.??"]
[Round "?"]
[White "Vavrla, Zdenek"]
[Black "Hybl, Vladislav"]
[Result "1/2-1/2"]
[WhiteElo "2320"]
[BlackElo "2240"]
[PlyCount "90"]
[EventDate "2001.??.??"]
[EventType "corr"]
[Source "Chess Mail Ltd"]
[SourceDate "2005.07.27"]

1. e4 e6 2. d4 d5 3. Nd2 f5 4. exf5 exf5 5. Ndf3 Nf6 6. Bg5 Be7 7. Bd3 Ne4 8.
Bxe7 Qxe7 9. Ne2 Qb4+ 10. c3 Qxb2 11. O-O Qa3 12. Nf4 c6 13. c4 Qd6 14. Ne5 O-O
15. cxd5 cxd5 16. Nxd5 Nc6 17. Nxc6 bxc6 18. Ne3 Be6 19. Bxe4 fxe4 20. Qa4 Rf7
21. Rac1 Bd5 22. Nc4 Qf4 23. Qa3 Raf8 24. Ne5 Rf5 25. Qc3 Qg5 26. Rc2 h6 27.
Rd1 Kh7 28. Qe3 Qe7 29. Rdc1 R8f6 30. Rb2 h5 31. h3 h4 32. Rc5 Qc7 33. a3 Qc8
34. Qc3 Qe6 35. Re2 Qe8 36. Ra5 Qe7 37. Rc2 Rf4 38. Rc5 Qe8 39. Qe3 R4f5 40.
Ra5 Qa8 41. Rb2 Rf8 42. a4 a6 43. Nd7 Re8 44. Nc5 Bc4 45. Rb4 Bd3 1/2-1/2

[Event "15MCR_F"]
[Site "?"]
[Date "2001.??.??"]
[Round "?"]
[White "Masek, Jan"]
[Black "Straka, Zdenek"]
[Result "1/2-1/2"]
[WhiteElo "2330"]
[BlackElo "2355"]
[PlyCount "54"]
[EventDate "2001.??.??"]
[EventType "corr"]
[Source "Chess Mail Ltd"]
[SourceDate "2005.07.27"]

1. e4 e6 2. d4 d5 3. Nd2 Nf6 4. e5 Nfd7 5. Bd3 c5 6. c3 Nc6 7. Ngf3 g6 8. O-O
Bg7 9. Bb5 a5 10. dxc5 O-O 11. Nb3 Ndxe5 12. Nxe5 Nxe5 13. a4 Bd7 14. f4 Bxb5
15. axb5 a4 16. fxe5 axb3 17. Rxa8 Qxa8 18. Qxb3 Bxe5 19. Qb4 Qb8 20. g3 Qc7
21. Kg2 Bg7 22. Be3 Ra8 23. Rd1 Bf8 24. Qf4 Qd7 25. c4 Ra4 26. b3 Ra2+ 27. Kg1
e5 1/2-1/2

[Event "15MCR_F"]
[Site "?"]
[Date "2001.??.??"]
[Round "?"]
[White "Trexler, Evzen"]
[Black "Boukal, Petr"]
[Result "1/2-1/2"]
[WhiteElo "2350"]
[BlackElo "2450"]
[PlyCount "110"]
[EventDate "2001.??.??"]
[EventType "corr"]
[Source "Chess Mail Ltd"]
[SourceDate "2005.07.27"]

1. e4 e6 2. d4 d5 3. Nd2 Nf6 4. e5 Nfd7 5. f4 c5 6. c3 Nc6 7. Ngf3 a5 8. a4
cxd4 9. cxd4 Bb4 10. Kf2 f6 11. Nb3 O-O 12. Bd3 fxe5 13. fxe5 Qh4+ 14. g3 Qh3
15. Bf1 Qh5 16. Kg2 Be7 17. Be2 Qe8 18. Ng5 Nb6 19. Bh5 g6 20. Bg4 Nd8 21. h4
Bxg5 22. Bxg5 Nf7 23. Bd2 Nc4 24. Bc1 b5 25. h5 g5 26. h6 Rb8 27. axb5 Rxb5 28.
Rh5 Qe7 29. Be2 Bb7 30. Kh3 Rb4 31. Nxa5 Ra8 32. Nb3 Rxa1 33. Nxa1 Nxb2 34. Qc2
Nc4 35. Bd3 Kh8 36. Bxh7 g4+ 37. Kh2 Nfxe5 38. dxe5 Qf7 39. Bg6 Qf1 40. Bd3 Qf3
41. Qe2 Qxe2+ 42. Bxe2 Rb1 43. Nb3 Rxb3 44. Bg5 Kh7 45. Bxg4 Rb2+ 46. Kh3 Rb1
47. Bf4 Rh1+ 48. Kg2 d4+ 49. Kf2 Rxh5 50. Bxh5 Nb2 51. Be2 Be4 52. g4 d3 53.
Bf1 Nc4 54. Ke1 Kg6 55. Bh3 d2+ 1/2-1/2

[Event "15MCR_F"]
[Site "?"]
[Date "2001.??.??"]
[Round "?"]
[White "Trexler, Evzen"]
[Black "Svoboda, Frantisek"]
[Result "1-0"]
[WhiteElo "2350"]
[BlackElo "2420"]
[PlyCount "75"]
[EventDate "2001.??.??"]
[EventType "corr"]
[Source "Chess Mail Ltd"]
[SourceDate "2005.07.27"]

1. e4 e6 2. d4 d5 3. Nd2 Nf6 4. e5 Nfd7 5. f4 c5 6. c3 Nc6 7. Ngf3 Qb6 8. Nb3
cxd4 9. cxd4 a5 10. a4 Bb4+ 11. Kf2 f6 12. Be3 O-O 13. Bd3 fxe5 14. fxe5 Be7
15. Rc1 Nb4 16. Bb1 Qd8 17. h4 Qe8 18. Kg1 Nb6 19. Ng5 h6 20. Rxc8 Rxc8 21.
Nxe6 Qf7 22. Nxf8 Nc4 23. Ng6 Nxe3 24. Qe2 Nbc2 25. Bxc2 Nxc2 26. h5 Rc4 27.
Kh2 b6 28. Rf1 Qe8 29. Qf3 Nb4 30. Qf5 Rc6 31. Nc1 Nc2 32. Qf3 Rxg6 33. hxg6
Qxg6 34. Ne2 Kh7 35. Qf5 Qxf5 36. Rxf5 Kg8 37. e6 Ne3 38. Rf7 1-0

[Event "15MCR_F"]
[Site "?"]
[Date "2001.??.??"]
[Round "?"]
[White "Hlavac, Rudolf"]
[Black "Straka, Zdenek"]
[Result "1/2-1/2"]
[WhiteElo "2350"]
[BlackElo "2355"]
[PlyCount "58"]
[EventDate "2001.??.??"]
[EventType "corr"]
[Source "Chess Mail Ltd"]
[SourceDate "2005.07.27"]

1. e4 e6 2. d4 d5 3. Nd2 Nf6 4. e5 Nfd7 5. Bd3 c5 6. c3 Nc6 7. Ne2 cxd4 8. cxd4
f6 9. exf6 Nxf6 10. Nf3 Bd6 11. Bf4 Bxf4 12. Nxf4 Qa5+ 13. Qd2 Qxd2+ 14. Kxd2
O-O 15. Rhe1 Ne4+ 16. Bxe4 Rxf4 17. Bd3 Bd7 18. Bb5 Raf8 19. Bxc6 Bxc6 20. Rxe6
Rg4 21. Ke3 Rxg2 22. h3 Bd7 23. Re7 Bxh3 24. Rc1 h5 25. Rcc7 Bc8 26. Nh4 Rg4
27. f3 Rg1 28. Kf2 Rg4 29. Ke3 Rg1 1/2-1/2

[Event "15MCR_F"]
[Site "?"]
[Date "2001.??.??"]
[Round "?"]
[White "Hybl, Vladislav"]
[Black "Boukal, Petr"]
[Result "1/2-1/2"]
[WhiteElo "2240"]
[BlackElo "2450"]
[PlyCount "59"]
[EventDate "2001.??.??"]
[EventType "corr"]
[Source "Chess Mail Ltd"]
[SourceDate "2005.07.27"]

1. e4 e6 2. d4 d5 3. Nd2 Nf6 4. e5 Nfd7 5. Bd3 c5 6. c3 Nc6 7. Ne2 cxd4 8. cxd4
Qb6 9. Nf3 f6 10. exf6 Nxf6 11. O-O Bd6 12. Nc3 O-O 13. Be3 Bd7 14. a3 Be8 15.
Qc2 Ne7 16. Ne5 Rc8 17. Rac1 Bh5 18. Qb1 Be8 19. h3 a6 20. Ne2 Rxc1 21. Rxc1 a5
22. Nf4 Bf7 23. g4 h6 24. Nxf7 Bxf4 25. Ne5 Bxe3 26. fxe3 Nc6 27. Nxc6 bxc6 28.
Qc2 e5 29. Qxc6 Qxb2 30. Qc3 1/2-1/2

[Event "15MCR_F"]
[Site "?"]
[Date "2001.??.??"]
[Round "?"]
[White "Kostal, Jindrich"]
[Black "Boukal, Petr"]
[Result "1/2-1/2"]
[WhiteElo "2305"]
[BlackElo "2450"]
[PlyCount "63"]
[EventDate "2001.??.??"]
[EventType "corr"]
[Source "Chess Mail Ltd"]
[SourceDate "2005.07.27"]

1. e4 e6 2. d4 d5 3. Nd2 Nf6 4. e5 Nfd7 5. Bd3 c5 6. c3 Nc6 7. Ne2 cxd4 8. cxd4
Qb6 9. Nf3 f6 10. exf6 Nxf6 11. O-O Bd6 12. Nc3 O-O 13. Be3 Bd7 14. a3 Be8 15.
Ng5 Ne7 16. h3 Bc7 17. Re1 h6 18. Nf3 Bh5 19. Rc1 Nd7 20. g4 Bg6 21. Bf1 Rac8
22. Bd2 Bb8 23. Bg2 Bf7 24. b4 Ng6 25. Na4 Rxc1 26. Qxc1 Qd6 27. Nc5 Nxc5 28.
bxc5 Qc6 29. g5 h5 30. Qb2 Be8 31. Rb1 Rf7 32. Qb3 1/2-1/2

[Event "15MCR_F"]
[Site "?"]
[Date "2001.??.??"]
[Round "?"]
[White "Kostal, Jindrich"]
[Black "Svoboda, Frantisek"]
[Result "1/2-1/2"]
[WhiteElo "2305"]
[BlackElo "2420"]
[PlyCount "63"]
[EventDate "2001.??.??"]
[EventType "corr"]
[Source "Chess Mail Ltd"]
[SourceDate "2005.07.27"]

1. e4 e6 2. d4 d5 3. Nd2 Nf6 4. e5 Nfd7 5. Bd3 c5 6. c3 Nc6 7. Ne2 cxd4 8. cxd4
f6 9. exf6 Nxf6 10. Nf3 Bd6 11. O-O O-O 12. Bf4 Bxf4 13. Nxf4 Ne4 14. Qc1 Ng5
15. Nxg5 Qxg5 16. Ne2 Qf6 17. Qe3 Bd7 18. Rad1 Rac8 19. Bb1 Be8 20. h3 Bf7 21.
Rfe1 Rce8 22. f4 Bh5 23. g4 Bg6 24. Bxg6 Qxg6 25. a3 h5 26. Qd3 Ne7 27. Qxg6
Nxg6 28. Rf1 hxg4 29. hxg4 Rc8 30. Rd2 a6 31. Kg2 Kf7 32. Re1 1/2-1/2

[Event "15MCR_F"]
[Site "?"]
[Date "2001.??.??"]
[Round "?"]
[White "Ridky, Vladimir"]
[Black "Straka, Zdenek"]
[Result "1/2-1/2"]
[WhiteElo "2275"]
[BlackElo "2355"]
[PlyCount "52"]
[EventDate "2001.??.??"]
[EventType "corr"]
[Source "Chess Mail Ltd"]
[SourceDate "2005.07.27"]

1. e4 e6 2. d4 d5 3. Nd2 Nf6 4. e5 Nfd7 5. Bd3 c5 6. c3 Nc6 7. Ne2 cxd4 8. cxd4
f6 9. exf6 Nxf6 10. O-O Bd6 11. Nf3 Qb6 12. b3 O-O 13. Bf4 Bxf4 14. Nxf4 g6 15.
Bc2 Bd7 16. Rc1 Ne4 17. Ne2 Rxf3 18. gxf3 Ng5 19. f4 Nf3+ 20. Kg2 Nfxd4 21.
Nxd4 Qxd4 22. Qxd4 Nxd4 23. Bd1 Rf8 24. Kg3 Nf5+ 25. Kh3 Nd4 26. Kg3 Nf5+
1/2-1/2

[Event "15MCR_F"]
[Site "?"]
[Date "2001.??.??"]
[Round "?"]
[White "Vavrla, Zdenek"]
[Black "Straka, Zdenek"]
[Result "1/2-1/2"]
[WhiteElo "2320"]
[BlackElo "2355"]
[PlyCount "57"]
[EventDate "2001.??.??"]
[EventType "corr"]
[Source "Chess Mail Ltd"]
[SourceDate "2005.07.27"]

1. e4 e6 2. d4 d5 3. Nd2 Nf6 4. e5 Nfd7 5. Bd3 c5 6. c3 Nc6 7. Ne2 cxd4 8. cxd4
f6 9. exf6 Nxf6 10. Nf3 Bd6 11. O-O Qb6 12. Nc3 O-O 13. Be3 Bd7 14. a3 Be8 15.
Ng5 Ne7 16. Nxe6 Bxh2+ 17. Kxh2 Qxe6 18. Bg5 h6 19. Bh4 Qb6 20. Re1 Ng6 21.
Bxg6 Bxg6 22. Qd2 Ne4 23. Nxe4 Bxe4 24. f3 Bg6 25. Re5 Rac8 26. Qb4 Qxb4 27.
axb4 Rc2 28. Rxa7 Rxf3 29. Rxb7 1/2-1/2

[Event "15MCR_F"]
[Site "?"]
[Date "2001.??.??"]
[Round "?"]
[White "Rybak, Milan"]
[Black "Hybl, Vladislav"]
[Result "1/2-1/2"]
[WhiteElo "2410"]
[BlackElo "2240"]
[PlyCount "42"]
[EventDate "2001.??.??"]
[EventType "corr"]
[Source "Chess Mail Ltd"]
[SourceDate "2005.07.27"]

1. e4 e6 2. d4 d5 3. Nd2 dxe4 4. Nxe4 Nd7 5. Nf3 Ngf6 6. Nxf6+ Nxf6 7. Bd3 c5
8. O-O cxd4 9. Nxd4 Bc5 10. Be3 Bb6 11. Bb5+ Bd7 12. Qe2 O-O 13. Rad1 Nd5 14.
Bc1 Bxb5 15. Nxb5 a6 16. Nd4 Qf6 17. Nf3 Qf5 18. c4 Nf6 19. Be3 Qe4 20. Ng5 Qe5
21. Nf3 Qe4 1/2-1/2

[Event "15MCR_F"]
[Site "?"]
[Date "2001.??.??"]
[Round "?"]
[White "Boukal, Petr"]
[Black "Ridky, Vladimir"]
[Result "0-1"]
[WhiteElo "2450"]
[BlackElo "2275"]
[PlyCount "113"]
[EventDate "2001.??.??"]
[EventType "corr"]
[Source "Chess Mail Ltd"]
[SourceDate "2005.07.27"]

1. e4 e6 2. d4 d5 3. Nc3 Nf6 4. e5 Nfd7 5. Nce2 c5 6. c3 Nc6 7. f4 Qb6 8. Nf3
f6 9. a3 Be7 10. h4 O-O 11. Rh3 a5 12. b3 Qd8 13. Ng3 h6 14. Be3 f5 15. Bd3
cxd4 16. cxd4 Nb6 17. Qe2 Bd7 18. h5 Rc8 19. Nd2 a4 20. b4 Na7 21. Ngf1 Qe8 22.
Qd1 Nb5 23. Kf2 Nc3 24. Qe1 Bb5 25. Bxb5 Nxb5 26. Qd1 Qc6 27. Ng3 Qc2 28. Qxc2
Rxc2 29. Ne2 Rfc8 30. Rhh1 Nc4 31. Nxc4 R8xc4 32. Rhc1 Rb2 33. Rxc4 dxc4 34.
Bc1 Bh4+ 35. Kf1 Rb3 36. Ra2 Rb1 37. Rc2 Nxa3 38. Ra2 Nb5 39. Rxa4 Nc3 40. Ra8+
Kh7 41. g3 Bxg3 42. Ra3 Ne4 43. Ra5 c3 44. Kg2 Be1 45. d5 exd5 46. e6 Nf6 47.
Be3 c2 48. Ra2 Rxb4 49. Rxc2 Re4 50. Kf3 Nxh5 51. Rc7 b6 52. Rb7 Rxe6 53. Nd4
Rf6 54. Rd7 Bb4 55. Rxd5 g6 56. Rd7+ Kg8 57. Nb5 0-1

[Event "15MCR_F"]
[Site "?"]
[Date "2001.??.??"]
[Round "?"]
[White "Vaindl, Jaroslav"]
[Black "Ridky, Vladimir"]
[Result "1/2-1/2"]
[WhiteElo "2325"]
[BlackElo "2275"]
[PlyCount "47"]
[EventDate "2001.??.??"]
[EventType "corr"]
[Source "Chess Mail Ltd"]
[SourceDate "2005.07.27"]

1. e4 e6 2. d4 d5 3. Nc3 Nf6 4. Bg5 Be7 5. e5 Nfd7 6. h4 c5 7. Bxe7 Kxe7 8. f4
Qb6 9. Na4 Qa5+ 10. c3 b6 11. Nf3 Ba6 12. Bxa6 Qxa6 13. h5 h6 14. f5 Nc6 15.
fxe6 fxe6 16. Nh4 Rhe8 17. Ng6+ Kd8 18. Rh3 Rc8 19. b3 cxd4 20. cxd4 Qa5+ 21.
Kf1 b5 22. Nb2 Nf8 23. Nh8 Nd7 24. Ng6 1/2-1/2

[Event "15MCR_F"]
[Site "?"]
[Date "2001.??.??"]
[Round "?"]
[White "Hala, Martin"]
[Black "Vaindl, Jaroslav"]
[Result "1/2-1/2"]
[WhiteElo "2415"]
[BlackElo "2325"]
[PlyCount "74"]
[EventDate "2001.??.??"]
[EventType "corr"]
[Source "Chess Mail Ltd"]
[SourceDate "2005.07.27"]

1. e4 e6 2. d4 d5 3. Nc3 Nf6 4. Bg5 Be7 5. e5 Nfd7 6. Bxe7 Qxe7 7. f4 O-O 8.
Nf3 c5 9. Qd2 Nc6 10. dxc5 Qxc5 11. O-O-O Nb6 12. Kb1 Bd7 13. Bd3 Nb4 14. a3 a5
15. Rhf1 Nxd3 16. cxd3 Na4 17. Rc1 Qb6 18. Nxa4 Bxa4 19. g4 Bb5 20. Rfe1 f5 21.
exf6 Rxf6 22. g5 Rf5 23. Re5 Rff8 24. Rce1 Rae8 25. R5e2 Ba6 26. Rc1 Rc8 27.
Rxc8 Rxc8 28. g6 hxg6 29. Rg2 Qb3 30. Ne5 Bb5 31. Rxg6 Ba4 32. Rg2 d4 33. Qe2
Qd1+ 34. Qxd1 Bxd1 35. Rd2 Bb3 36. Nf3 Rd8 37. Kc1 Rc8+ 1/2-1/2

[Event "15MCR_F"]
[Site "?"]
[Date "2001.??.??"]
[Round "?"]
[White "Votypka, Miroslav"]
[Black "Ridky, Vladimir"]
[Result "1-0"]
[WhiteElo "2355"]
[BlackElo "2275"]
[PlyCount "104"]
[EventDate "2001.??.??"]
[EventType "corr"]
[Source "Chess Mail Ltd"]
[SourceDate "2005.07.27"]

1. e4 e6 2. d4 d5 3. Nc3 Nf6 4. Bg5 Be7 5. e5 Nfd7 6. Bxe7 Qxe7 7. f4 O-O 8.
Nf3 c5 9. dxc5 Nc6 10. Bd3 f6 11. exf6 Qxf6 12. g3 Nxc5 13. O-O Bd7 14. Bb5
Rad8 15. Bxc6 Bxc6 16. Qd4 Qxd4+ 17. Nxd4 Bd7 18. Rfe1 Rfe8 19. Re5 g6 20. Rae1
Kf7 21. h4 Na6 22. h5 Nb8 23. hxg6+ hxg6 24. R5e2 Nc6 25. Ncb5 Kf6 26. Nf3 Re7
27. c3 a6 28. Nd6 Bc8 29. Nxc8 Rxc8 30. g4 b5 31. Kg2 Rh8 32. Kg3 a5 33. b3 Rc8
34. g5+ Kf7 35. Rh2 Rg8 36. Rh6 Kg7 37. Kf2 Kf8 38. Ke3 Rc7 39. Kd3 b4 40. Nh4
bxc3 41. Kxc3 Nd8+ 42. Kd2 Kf7 43. Nf3 Kf8 44. Ne5 Nf7 45. Nxf7 Kxf7 46. Rh7+
Rg7 47. Rxg7+ Kxg7 48. Rxe6 a4 49. Re3 Rf7 50. Rf3 axb3 51. axb3 Kf8 52. Ke3
Ke7 {Odhad} 1-0